<?xml version="1.0" encoding="UTF-8"?>
<collection xmlns="http://www.loc.gov/MARC21/slim">
 <record>
  <leader>01934nam a2200217Ia 4500</leader>
  <controlfield tag="001">CTU_97198</controlfield>
  <controlfield tag="008">210402s9999    xx            000 0 und d</controlfield>
  <datafield tag="020" ind1=" " ind2=" ">
   <subfield code="c">52000</subfield>
  </datafield>
  <datafield tag="082" ind1=" " ind2=" ">
   <subfield code="a">305.3</subfield>
  </datafield>
  <datafield tag="082" ind1=" " ind2=" ">
   <subfield code="b">G778</subfield>
  </datafield>
  <datafield tag="100" ind1=" " ind2=" ">
   <subfield code="a">Gray, John</subfield>
  </datafield>
  <datafield tag="245" ind1=" " ind2="0">
   <subfield code="a">Đàn ông đến từ sao Hỏa; Đàn bà đến từ sao Kim: Những lời hướng dẫn cơ bản để hiểu người khác phái</subfield>
  </datafield>
  <datafield tag="245" ind1=" " ind2="0">
   <subfield code="b">= Men are from Mars; women are from Venus</subfield>
  </datafield>
  <datafield tag="245" ind1=" " ind2="0">
   <subfield code="c">John Gray; Phạm Thị Thanh Huyền và Ngô Thị Chuyên biên dịch</subfield>
  </datafield>
  <datafield tag="260" ind1=" " ind2=" ">
   <subfield code="a">Hà Nội</subfield>
  </datafield>
  <datafield tag="260" ind1=" " ind2=" ">
   <subfield code="b">Văn hóa Thông tin</subfield>
  </datafield>
  <datafield tag="260" ind1=" " ind2=" ">
   <subfield code="c">2005</subfield>
  </datafield>
  <datafield tag="520" ind1=" " ind2=" ">
   <subfield code="a">Ngày xửa ngày xưa những người sao Hỏa và sao Kim đã gặp gỡ, yêu nhau và sống hạnh phúc bởi vì họ tôn trọng và chấp nhận mọi điều khác biệt. Rồi họ đến Trái đất và chứng lãng quên đã xảy ra: Họ quên rằng họ tới từ những hành tinh khác nhau. Dựa trên nhiều năm kinh nghiệm tư vấn thành công cho các cặp vợ chồng và các cá nhân. Đàn ông đến từ sao Hỏa, Đàn bà đến từ sao Kim đã giúp hàng triệu lứa đôi thay đổi quan hệ của họ. Và, với tư cách là một tác phẩm hiện đại mang tính chất cổ điển, cuốn sách được coi là hiện tượng này đã giúp đàn ông và đàn bà nhận thức ra họ khác nhau như thế nào và làm thế nào để bộc lộ những nhu cầu của mình theo những cách không gây ra xung đột và nhờ đó sự gắn bó có hội để phát triển.</subfield>
  </datafield>
  <datafield tag="650" ind1=" " ind2=" ">
   <subfield code="a">Men and women</subfield>
  </datafield>
  <datafield tag="904" ind1=" " ind2=" ">
   <subfield code="i">Minh</subfield>
  </datafield>
  <datafield tag="980" ind1=" " ind2=" ">
   <subfield code="a">Trung tâm Học liệu Trường Đại học Cần Thơ</subfield>
  </datafield>
 </record>
</collection>
